Statistics for WWE Champions

Click here to take the quiz!

General Stats

  • This quiz has been taken 64,741 times
    (8,881 since last reset)
  • The average score is 26 of 51

Answer Stats

# Last Champion % Correct
132017John Cena
91%
82013The Rock
90%
92016Triple H
84%
42002The Undertaker
82%
92017Randy Orton
79%
62002Hulk Hogan
77%
42015Brock Lesnar
76%
32016Roman Reigns
74%
22016Seth Rollins
73%
62001Stone Cold Steve Austin
71%
11998Kane
69%
31997Shawn Michaels
68%
12019Kofi Kingston
67%
32019Daniel Bryan
66%
12016Dean Ambrose
64%
22018AJ Styles
63%
22011CM Punk
62%
42009Edge
62%
12011Rey Mysterio
60%
21992Ric Flair
60%
22002Big Show
59%
22010Batista
55%
51997Bret Hart
54%
12010The Miz
51%
32015Sheamus
50%
12017Bray Wyatt
49%
12001Chris Jericho
48%
11988André the Giant
48%
12017Jinder Mahal
47%
21992Randy Savage
45%
42003Kurt Angle
43%
12008Jeff Hardy
43%
11990The Ultimate Warrior
43%
31999Mankind
42%
11999Vince McMahon
40%
22011Alberto Del Rio
40%
12004Eddie Guerrero
39%
11994Diesel
37%
21973Bruno Sammartino
36%
21993Yokozuna
34%
12004John "Bradshaw" Layfield
30%
12006Rob Van Dam
26%
21994Bob Backlund
24%
11991Sgt. Slaughter
22%
11983The Iron Sheik
22%
11963Buddy Rogers
21%
21997Sycho Sid
20%
11971Pedro Morales
15%
11977Billy Graham
14%
11971Ivan Koloff
14%
11973Stan Stasiak
12%

Score Distribution

Percentile by Number Answered

Percent of People with Each Score

Your Score History

You have not taken this quiz since the last reset